00512nam a2200157Ia 45000010006000000050017000060080041000230410008000640820016000721000042000882450171001302600009003013000028003106500008003386540008003462524920260414151137.0260414t2018||||xx |||||||||||||| ||spa|| aESP a346.41bM97 aMurillo Chávez, Javier AndréeAUT 0aLa marca país :bestudio de derecho andino y europeo y su uso como herramienta de las MIPYMES para su desarrollo en el comercio internacional a través de internet c2018 a294 páginas :c23 cm. aDER aCDE